01913nam a2200433 a 4500008004100000020001800041041000800059100002100067245006500088250015300153260005700306300001600363500013900379653005500518653004500573653003600618653004000654653006600694653003000760653002500790653004600815653004300861653003800904653002800942653002200970653002100992653002801013653005301041653005701094653002301151653003001174653002901204653004401233653005701277653002401334653004801358653005601406700001701462110629s2009 sp il. f |||| 001 0 spa d a9788480863834 aspa1 aTurnpenny, Peter aEmery. bElementos de Genética Médica /cPeter Turnpenny a13a ed. en español de la obra original en inglésbTraducción Pedro Donado Pintado ; Isabel Campos Adrados y José Luis González Hernández aBarcelona:bElsevier ; Churchill Livingstone;c2009. a430 p.bil. aTurnpenny, P. y Ellard, S. (2009). Emery. Elementos de genética médica. (13a ed.). Barcelona : Elsevier ; Churchill Livingstone.  aHistoria e impacto de la genética en la medicina aBases celular y molecular de la herencia aCromosomas y división celular aTecnología y aplicaciones del DNA aMapeo e identificación de genes en trastornos monogénicos aGenética del desarrollo aPatrones de herencia aMatemáticas y genética de poblaciones aHerencia poligénica y multifactorial aHemoglobina y hemoglobinopatías aGenética bioquímica aFarmacogenética aInmunogenética aGenética del cáncer aFactores genéticos en las enfermedades comunes aAnomalías congénitas y síndromes dismórficos aConsejo genético aTrastornos cromosómicos aTrastornos monogénicos aCribado de las enfermedades genéticas aPruebas prenatales y genética de la reproducción aCálculo de riesgo aTratamiento de las enfermedades genéticas aProblemas éticos y legales en genética médica1 aEllard, Sian